【プロスピ2025】 「広角打法」を所持している選手 - Statistics

General Stats
  • This quiz has been taken 61 times
  • The average score is 11 of 39
Answer Stats
球団 選手名 % Correct
ソフトバンク 柳田悠岐
81%
ソフトバンク 近藤健介
81%
阪神 佐藤輝明
77%
日本ハム レイエス
72%
ヤクルト 村上宗隆
66%
ロッテ ソト
62%
横浜DeNA 牧秀悟
57%
横浜DeNA オースティン
53%
ヤクルト サンタナ
51%
中日 細川成也
51%
楽天 浅村栄斗
49%
横浜DeNA 筒香嘉智
45%
西武 ネビン
36%
オリックス 紅林弘太郎
30%
横浜DeNA ビシエド
30%
ソフトバンク 野村勇
28%
横浜DeNA 宮﨑敏郎
23%
ヤクルト 内山壮真
23%
ヤクルト 塩見泰隆
21%
オリックス 廣岡大志
19%
オリックス 太田椋
19%
中日 福永裕基
15%
中日 石川昂弥
15%
日本ハム 吉田賢吾
13%
西武 渡部聖弥
13%
オリックス ディアス
11%
阪神 楠本泰史
9%
横浜DeNA 蝦名達夫
9%
ヤクルト 澤井廉
9%
中日 チェイビス
9%
中日 佐藤龍世
9%
ソフトバンク 山本恵大
6%
日本ハム 阪口樂
6%
楽天 吉納翼
6%
西武 村田怜音
6%
巨人 萩尾匡也
6%
阪神 豊田寛
6%
広島 内田湘大
6%
広島 渡邉悠斗
6%
No matching quizzes found
Score Distribution
Percent of People with Each Score
Percentile by Number Answered
Your Score History
You have not taken this quiz